Folk literature of the chorote indians /
Guardado en:
| Autor Principal: | |
|---|---|
| Otros Autores: | |
| Formato: | Libro |
| Publicado: |
Los Angeles :
University Of California,
1985
|
| Series: | Ucla Latin American Studies,60
|
| Materias: | |
| Etiquetas: |
Agregar Etiqueta
Sin Etiquetas, Sea el primero en etiquetar este registro!
|
| LEADER | 00611nam a22001815a 4500 | ||
|---|---|---|---|
| 001 | EHU.bham003721 | ||
| 003 | AR-BHAM | ||
| 005 | 20070529173434.0 | ||
| 008 | 130507s1985##################000#0#####d | ||
| 082 | 3 | 9 | |a 398.2 |
| 100 | 1 | |a Wilbert, Johannes | |
| 245 | 1 | 0 | |a Folk literature of the chorote indians / |c Johannes Wilbert , Karin Simaneau , |
| 260 | |a Los Angeles : |b University Of California, |c 1985 | ||
| 300 | |a 400 p. | ||
| 490 | 0 | |a Ucla Latin American Studies,60 | |
| 653 | |a Folklore-leyendas | ||
| 700 | 1 | |a Simaneau, Karin | |
| 859 | |a AR-BHAM |b BIB. HUMANIDADES - Lectura de escasa demanda |h 398.2 |i W641-6 |p 686.86 |t Ej.1 |v LED427 | ||
